02028nam a22003497a 4500008004100000020001800041040000800059041001300067100003300080245007300113246004700186246002100233260003800254300004700292490001900339505019900358520056700557546004101124650006401165650006301229650004001292650005901332650003001391650004101421650004201462655001701504655003901521655004001560655002401600655002901624700002501653250523b |||||||| |||| 00| 0 eng d a9781399818223 ctbs achiaeng aScurfield, Elizabetheauthor aBeginner's Mandarin Chinese c/ Elizabeth Scurfield and Song Lianyi. aTeach yourself beginner's Mandarin Chinese aMandarin Chinese aLondon :bTeach Yourself, c2024. axxxix, 199 pages :billustations ;c20 cm. aTeach yourself aMapped to A1-B1 on the Common European Framework of Reference — Everyday phrases and expressions — A bilingual word list — Practice activities — Listening exercises with online audio.  aBeginners' Mandarin Chinese is for absolute beginners and those who've had some previous experience with the language and want to refresh their knowledge. Clear and simple explanations make the course appropriate and accessible to anyone learning Mandarin Chinese. There are extensive illustrations and tools to help you plan your studies and track your progress, all designed to support learning on your own. This course is also ideal to use with one-to-one tutoring and as a classroom course, and it's the perfect resource to pair with a language-learning app. aText in English and Mandarin Chinese 0aChinese language xTextbooks for foreign speakers xEnglish 0aChinese language xConversation and phrase books xEnglish 0aChinese language xSelf-instruction 0aChinese languagexStudy and teachingxForeign speakers 0aChinese languagexGrammar 0aMandarin dialects xSelf-instruction 0aMandarin dialectsxStudy and teaching 0aPhrase books 0aProgrammed instructional materials 0aInstructional and educational works 0aInformational works 0aSelf-instructional works aSong, Lianyieauthor